Calculations for engineering economic analysis

Saved in:
Bibliographic Details
Main Author: Kurtz, Max
Format: Book
Language:English
Published: New York : McGraw-Hill, c1995
Subjects:
Tags: Add Tag
No Tags, Be the first to tag this record!

MARC

LEADER 00000nam a2200000 i 4500
001 1/17065
008 010209s1995 eng d
020 |a 0-07-035696-3 
035 |l 10066001 
040 |a GR-MY-UA  |b gre  |e aacr 
041 0 |a eng 
082 0 |a 658.15 
100 1 |a Kurtz, Max. 
245 1 0 |a Calculations for engineering economic analysis /  |c Max Kurtz 
260 |a New York :   |b McGraw-Hill,   |c c1995 
300 |a v.1 (in various paging) 
504 |a Includes index 
650 0 0 |a Engineering economy  |x Mathematics. 
852 |a INST  |b CHIOS  |e 20010209  |h 658.15 KUR  |p 005200021394  |q 005200021394  |t BK  |y 0 
901 |a BIBL2-2001-1 
909 |a Χ  |b 084065 
922 |a 2ΕΛΗ  |b 200011  |c ΤΜΟΔ  |d ΜΙΧΑΛΟΠΟΥΛΟΣ 
950 |a 186-2000-09-14 
970 |a ΣΑΛΑΜΟΥΡΑ  |b ΜΑΡΙΑ  |z 2001/02/20